| 000 | 00376nam a2200145Ia 4500 | ||
|---|---|---|---|
| 008 | 240729s9999 xx 000 0 und d | ||
| 022 | _a2810-1979 | ||
| 245 | 0 | _aRevista de Drept Constituţional | |
| 260 | _aRomania | ||
| 260 | _bUniversul Juridic | ||
| 650 | _aLaw | ||
| 856 | _uhttps://doaj.org/toc/04b4926d614149faa2f997d45ea2030e | ||
| 942 | _2ddc | ||
| 942 | _cDOAJEJ | ||
| 999 |
_c69199 _d69199 |
||
| 945 |
_a1 _bMadushi Gamage _c1 _dMadushi Gamage |
||